| 000 | 01085cam a2200253 4500 | ||
|---|---|---|---|
| 001 | ABS61588 | ||
| 008 | 000000n1999 000 0 eng u | ||
| 035 | _a(Sirsi) u102677 | ||
| 100 | _aJohnston, B. | ||
| 245 | _aSystem struggles to adopt new approach to housing | ||
| 260 | _c1999 | ||
| 490 |
_aPlanning (for the Natural and Built Environment) _v(1345) 19 November 1999, 18-19(2) |
||
| 520 | _aExamines the different approaches to planning housing: the 'predict and provide' approach which has recently fallen out of favour, the 'plan, monitor and manage' approach, and the sequential approach, set out in draft PPG3, which makes brownfield land the first choice for housing development. Includes a list of useful publications and recent ministerial decisions. | ||
| 590 | _aABS | ||
| 650 | _aHOUSING DEVELOPMENT | ||
| 650 | _aSEQUENTIAL APPROACH | ||
| 650 | _aHOUSING NEED | ||
| 650 | _aPLANNING POLICY GUIDANCE | ||
| 650 | _aPREDICTIONS | ||
| 650 | _aLOCAL DEVELOPMENT PLANS | ||
| 650 | _aREGIONAL STRATEGY | ||
| 690 | _aPLANNING LAW AND PRACTICE | ||
| 942 | _n0 | ||
| 999 |
_c61667 _d61667 |
||